Diccionario escolar Estrada : (Registro nro. 600)
[ vista simple ]
| 000 -LEADER | |
|---|---|
| fixed length control field | 00490nam a22001697a 4500 |
| 003 - CONTROL NUMBER IDENTIFIER | |
| control field | AR-RoUNCS |
| 005 - DATE AND TIME OF LATEST TRANSACTION | |
| control field | 20250923150652.0 |
| 008 - FIXED-LENGTH DATA ELEMENTS--GENERAL INFORMATION | |
| fixed length control field | 250923t2011 ag |||||r|||| 001 0 eng d |
| 020 ## - INTERNATIONAL STANDARD BOOK NUMBER | |
| International Standard Book Number | 978-950-01-1086-0 |
| 040 ## - CATALOGING SOURCE | |
| Transcribing agency | AR-RoUNCS |
| Original cataloging agency | AR-RoUNCS |
| 080 ## - UNIVERSAL DECIMAL CLASSIFICATION NUMBER | |
| Authority record control number or standard number | (038)=111 |
| 245 00 - TITLE STATEMENT | |
| Title | Diccionario escolar Estrada : |
| Remainder of title | inglés-español : español-inglés. |
| 260 ## - PUBLICATION, DISTRIBUTION, ETC. | |
| Place of publication, distribution, etc. | San Isidro : |
| Name of publisher, distributor, etc. | Estrada, |
| Date of publication, distribution, etc. | 2011. |
| 300 ## - PHYSICAL DESCRIPTION | |
| Extent | 400 p. ; |
| Dimensions | 17 cm. |
| 650 #4 - SUBJECT ADDED ENTRY--TOPICAL TERM | |
| Topical term or geographic name entry element | INGLÉS |
| General subdivision | ESPAÑOL |
| Form subdivision | DICCIONARIOS |
| 942 ## - ADDED ENTRY ELEMENTS (KOHA) | |
| Source of classification or shelving scheme | Universal Decimal Classification |
| Koha item type | Obra General |
| Suppress in OPAC | No |
| Withdrawn status | Lost status | Source of classification or shelving scheme | Damaged status | Not for loan | Collection | Home library | Current library | Date acquired | Total checkouts | Full call number | Barcode | Date last seen | Copy number | Price effective from | Koha item type | Source of acquisition |
|---|---|---|---|---|---|---|---|---|---|---|---|---|---|---|---|---|
| Universal Decimal Classification | Colección de Referencia | Biblioteca Escuela de Ciencias Sociales | Biblioteca Escuela de Ciencias Sociales | 23/09/2025 | (038)=111 D545 | 001465 | 23/09/2025 | Ej. 1 | 23/09/2025 | Obra General | ||||||
| Universal Decimal Classification | Colección de Referencia | Biblioteca Escuela de Ciencias Sociales | Biblioteca Escuela de Ciencias Sociales | 26/09/2025 | (038)=111 D545 | 001472 | 26/09/2025 | Ej. 2 | 26/09/2025 | Obra General | Donación 2025 |